00390nam a2200157Ia 450000100060000000800410000602000180004704000130006508200180007810000200009624500360011626000440015230000110019654600070020765000180021462154141119s9999 xx 000 0 und d a9781906155346 cPK-LaUMT a 711.4bWRI-I aWright, Herbert aInstant citiescWright, Herbert aLondon,UK:bBloombury Publishing,c2008 a237 p. aEN aCity planning